00414nam a2200169Ia 450000500170000000800410001702000150005804000190007304100120009208200110010410000200011524500330013526000310016830000120019965000230021185000100023420230622100020.0131103s9999 xx 000 0 und d a1860492592 aLoreto College aEnglish aFbATW aAtwood,Margaret aAlias GracecMargaret Atwood aLondonbVirago Pressc1997 a245 p.  aFiction in English aLCLIB